000 00504nam a2200157 a 4500
008 160818s2012 ||||||||||||||||| || u
020 _a9780755360802
050 _aPR 6113.O345P78
100 _aMoffat, G. J
245 1 0 _aProtection
_cBy GJ Moffat
260 _aLondon
_bHeadline
_c2012
300 _a420 p.
350 _a9.98
650 _aENGLISH LANGUAGE
995 _FCBU-MAIN LIBRARY (Kitwe)
_I9.98
_M1
_UAVAILABLE
_WSep 26, 2016
_ZFiction Collection
999 _c55182
_d55182